00224nam a2200097Ia 4500008004100000082001900041100001500060245002100075260002200096300000800118150731s2002 xx 000 0 und d a615.53bA 02 C aCHAND,DEVI aTHE ATHARVA-VEDA bVED PRAKASHc2002 a939